000 00350nam a2200157Ia 4500
100 _aTsividis/Yannis
650 _aMOS
942 _cBK
366 _f20
245 _aOperation and modeling of the MOS transistor
260 _bOxford university press
_c1999
082 _a621.3815
_bSHE
300 _a620
546 _aENGLISH
_cTTL
999 _c21204
_d21204